| 000 | 00693 a2200205 4500 | ||
|---|---|---|---|
| 010 | _aENG-88719 | ||
| 020 |
_a818997307X _c190.00 |
||
| 035 | _aEN-72252 | ||
| 037 | _bDBAD / PUB | ||
| 082 | 1 | 4 | _a230 |
| 090 |
_c9205 _d9205 |
||
| 100 | 1 | _aSardesai, V. S. | |
| 245 | 1 |
_aGovernance under Sanatana Dharma/ _cby V. S. Sardesai |
|
| 260 |
_aNew Delhi _bReadworthy Publications _c2008 |
||
| 270 |
_aA-18, Mohan Garden, Near Nawada Metro Staion _bNew Delhi _e110059 _minfo@readworthypub.com |
||
| 300 |
_ax, 118 p. _c22 cm. (Pbk) |
||
| 500 | _aIncludes index | ||
| 942 |
_adpl _cEN _k230 / SAR |
||
| 999 |
_c9040 _d9040 |
||